000 01093nam a2200301 a 4500
001 2078
005 20240430082958.0
020 _a0307010082
020 _a033500001086
040 _aDLC
_cDLC
_dDLC
_beng
050 0 0 _aPZ7.A37735
_bWh 1987
082 0 0 _a813.54
100 1 _aAlexander, Liza
245 1 0 _aWhat's up in the attic? /
_cby Liza Alexander ; illustrated by Tom Cooke ; featuring Jim Henson's Sesame Street Muppets.
260 _aRacine :
_bWestern Publishing Company in conjunction with Children's Television Workshop,
_c1987
300 _a23 unnumbered pages :
_c20 cm .
_bcolor illustrations ;
490 0 _aA Little golden book
500 _a"A Sesame Street/Golden Press book."
505 _aH
520 _aOn a rainy afternoon Ernie and Bert entertain themselves with the wonderful treasures to be found in an attic.
521 _a500
_bLexile estimate
521 _aH
_bRaz-Plus
650 1 _aPuppets
_xFiction.
650 1 _aAttics
_xFiction.
700 1 _aCooke, Tom
_eIllustrator
906 _a7
_bcbc
_corignew
_d2
_eopcn
_f19
_gy-gencatlg
942 _2ddc
_cBK
_n0
999 _c2078
_d2078